| 000 | 00509nam a2200181Ia 4500 | ||
|---|---|---|---|
| 003 | GCL | ||
| 008 | 140319s9999 xx 000 0 eng d | ||
| 040 |
_aGCL / _cGCL |
||
| 082 | 0 | 4 |
_aCC _b915.3 _bM P |
| 100 | 1 | _aMAGI, GIOVANNA | |
| 245 | 1 | 0 |
_aTHE PENINSULA OF SINAI: SHARM EL-SHEIKH, RAS MOHAMMED / _cMAGI, GIOVANNA |
| 700 | 1 | _aCOTCHET, CARELYN | |
| 260 |
_a[S.N] : _bBONECHI ، _c1996 |
||
| 300 | _a890 P | ||
| 650 | 0 | 4 | _aMONUMENTS |
| 650 | 0 | 4 | _aSINAI ( EGYPT ) - DESCRIPTION AND TRAVEL |
| 942 |
_2ddc _cBK |
||
| 999 |
_c16072 _d16072 |
||